UBT Library

The bile acids; (Record no. 43911)

000 -LEADER
fixed length control field 00623cam a2200217 4500
001 - CONTROL NUMBER
control field 3603236
005 - DATE AND TIME OF LATEST TRANSACTION
control field 20180302032909.0
008 - FIXED-LENGTH DATA ELEMENTS--GENERAL INFORMATION
fixed length control field 710128m19711988nyua b 001 0 eng
010 ## - LIBRARY OF CONGRESS CONTROL NUMBER
LC control number 71138520
020 ## - INTERNATIONAL STANDARD BOOK NUMBER
International Standard Book Number 0306371316 (v. 1)
040 ## - CATALOGING SOURCE
Original cataloging agency DLC
Transcribing agency DLC
Modifying agency DLC
041 ## - LANGUAGE CODE
Language code of text/sound track or separate title eng
080 ## - UNIVERSAL DECIMAL CLASSIFICATION NUMBER
Universal Decimal Classification number 599.0192
082 00 - DEWEY DECIMAL CLASSIFICATION NUMBER
Classification number 599.0192 SET
100 1# - Rafti
Rafti 12
101 ## - Shkurtesa
Shkurtesa KIM
245 14 - TITLE STATEMENT
Title The bile acids;
Statement of responsibility, etc Edited by Padmanabhan P. Nair and David Kritchevsky.
504 ## - BIBLIOGRAPHY, ETC. NOTE
Bibliography, etc Includes bibliographical references.
906 ## - LOCAL DATA ELEMENT F, LDF (RLIN)
a 7
b cbc
c orignew
d 2
e ncip
f 19
g y-gencatlg
942 ## - ADDED ENTRY ELEMENTS (KOHA)
Source of classification or shelving scheme
Item type Books
Holdings
Withdrawn status Lost status Source of classification or shelving scheme Damaged status Not for loan Collection code Permanent location Current location Shelving location Date acquired Total Checkouts Full call number Barcode Date last seen Price effective from Koha item type
          Koleksioni i përgjithshem UBT - Lipjan UBT - Lipjan Koleksioni i përgjithshem 03/02/2018   599.0192 SET 002-3000771 03/02/2018 03/02/2018 Books
UBT Library © 2015-2024. All rights reserved University Education for Business and Technology